LEADER 02846nam2 2200529 i 450 001 CFI0032654 005 20251003044113.0 010 $a8802038252 020 $aIT$b87-5932 100 $a19971204d1984 ||||0itac50 ba 101 | $aita$cita 102 $ait 181 1$6z01$ai $bxxxe 182 1$6z01$an 183 1$6z01$anc$2RDAcarrier 200 1 $aˆ3: ‰Lettere$fNiccolò Machiavelli$ga cura di Franco Gaeta 210 $aTorino$cUnione tipografico-editrice torinese$d1984 215 $a678 p., \1! c. di tav.$c1 ritr.$d24 cm. 461 1$1001TO00058832$12001 $aOpere$fdi Niccolo Machiavelli$v3 500 10$aLettere$3SBN0071743$9CFIV019140$9148957 606 $aNiccolò Macchiavelli$xScritti$xEpistolario$2FIR$3NAPC290971$9I 676 $a856$9LETTERE ITALIANE$v14 676 $a856.3$9LETTERE ITALIANE, 1492-1542$v21 676 $a858$9Scritti miscellanei italiani$v20 676 $a858.3$9Miscellanea italiana. 1492-1542$v20 700 1$aMachiavelli$b, Niccolò$3CFIV019140$4070$0330797 702 1$aGaeta$b, Franco$3CFIV019144 790 1$aMakiavelli$b, Nikkolo$3BVEV043229$zMachiavelli, Niccolò 790 1$aMaclavellus$b, Nicolaus$3CFIV316873$zMachiavelli, Niccolò 790 1$aMaquiavel$b, Nicolau$3CFIV379519$zMachiavelli, Niccolò 790 1$aMaquiavel$b, Nicolau$3CFIV379520$zMachiavelli, Niccolò 790 1$aMaquiavelo$b, Nicolas$3IEIV090166$zMachiavelli, Niccolò 790 1$aMacchiavelli$b, Niccolò$3RAVV300092$zMachiavelli, Niccolò 790 1$aMachiavelli$b, Nicolò$3SBNV024060$zMachiavelli, Niccolò 790 1$aNiecollucci$b, Amadio$3TO0V260588$zMachiavelli, Niccolò 790 1$aMacchiavelli$b, Nicolò$3UBAV005342$zMachiavelli, Niccolò 801 3$aIT$bIT-000000$c19971204 850 $aIT-BN0095 $aIT-NA0243 $aIT-NA0537 $aIT-AV0175 $aIT-NA0299 $aIT-AV0001 $aIT-AV0003 $aIT-NA0079 $aIT-BN0064 $aIT-NA0120 $aIT-SA0111 $aIT-CE0127 $aIT-NA0075 $aIT-AV0045 $aIT-BN0015 $aIT-NA0312 $aIT-BN0115 901 $bNAP SC$c11 $n$ 901 $bNAP 67$cSALA B $nComprende monografie di vario argomento 901 $bNAP AG$cI $n$ 912 $aCFI0032654 950 2$aBiblioteca Centralizzata di Ateneo$c5 v.$d 01COLL. ITA CLAI$e 01AR 0070034695 VMA (0002.3 v. 3$fB $h20250401$i20250401 950 2$aCentro Librario e Bibliotecario per la Diffusione della cultura$d 67SALA B B III 4/52c$e 67 0000106065 VMA A4(4/52 1 v.$fY $h19981126$i20120215 977 $a 01$a 67$a 68$a 90$a AG$a AL$a AR$a BN$a BP$a CR$a CS$a CT$a GE$a MV$a PB$a SC$a TE 996 $aLettere$9148957 997 $aUNISANNIO